Online
Catalog

Cuentistas brasileños / (Record no. 22185)

MARC details
000 -CABECERA
campo de control de longitud fija 00838nam a2200217 a 4500
001 - NÚMERO DE CONTROL
campo de control 000022688
005 - FECHA Y HORA DE LA ÚLTIMA TRANSACCIÓN
campo de control 20200930021735.0
008 - DATOS DE LONGITUD FIJA--INFORMACIÓN GENERAL
campo de control de longitud fija 101115s1987 sp r 000 j spa d
040 ## - FUENTE DE LA CATALOGACIÓN
Centro catalogador/agencia de origen DO-SdBNP
Lengua de catalogación spa
Centro/agencia transcriptor BNPHU
082 ## - NÚMERO DE LA CLASIFICACIÓN DECIMAL DEWEY
Número de clasificación B869.42
Número de documento/Ítem C965b
049 ## - FONDOS LOCALES (OCLC)
Fondos de biblioteca BNGR
245 01 - MENCIÓN DE TÍTULO
Título Cuentistas brasileños /
Mención de responsabilidad, etc. presentación de Mario Razzeto ; traducción de Luis Fernando Vidal ; coordinación y selección de Hilda Scarabotolo de Codina ; edición Ricardo Silva-Santisteban.
260 ## - PUBLICACIÓN, DISTRIBUCIÓN, ETC.
Lugar de publicación, distribución, etc. Lima :
Nombre del editor, distribuidor, etc. Embajada del Brasil,
Fecha de publicación, distribución, etc. 1987.
300 ## - DESCRIPCIÓN FÍSICA
Extensión 1. ;
Dimensiones 17 cm.
490 1# - MENCIÓN DE SERIE
Mención de serie Tierra brasileña
-- Literatura
650 #4 - PUNTO DE ACCESO ADICIONAL DE MATERIA--TÉRMINO DE MATERIA
Término de materia o nombre geográfico como elemento de entrada Cuentos brasileños
9 (RLIN) 24191
650 #4 - PUNTO DE ACCESO ADICIONAL DE MATERIA--TÉRMINO DE MATERIA
Término de materia o nombre geográfico como elemento de entrada Literatura brasileña
Término de materia que sigue a un nombre geográfico como elemento de entrada SIGLO XX
9 (RLIN) 46649
700 1# - PUNTO DE ACCESO ADICIONAL--NOMBRE DE PERSONA
Nombre de persona Vidal, Luis Fernando
Término indicativo de función/relación ed.
9 (RLIN) 46650
700 1# - PUNTO DE ACCESO ADICIONAL--NOMBRE DE PERSONA
Nombre de persona Silva-Santisteban, Ricardo
Término indicativo de función/relación tr.
9 (RLIN) 46651
830 #0 - PUNTO DE ACCESO ADICIONAL DE SERIE-TÍTULO UNIFORME
Título uniforme Tierra brasileña
Nombre de parte o sección de la obra Literatura
9 (RLIN) 46652
Holdings
Estado de retiro Estado de pérdida Restricciones de uso No para préstamo Código de colección Localización permanente Ubicación/localización actual Ubicación en estantería Fecha de adquisición Número de inventario Total de préstamos Signatura topográfica completa Código de barras Fecha visto por última vez Precio válido a partir de Tipo de ítem Koha
        Monografías: Libros y Folletos General General En catalogación 15.11.2010 LF1   B869.42 C965b 22688-10 25.06.2020 25.06.2020 Préstamo en sala

Powered by Koha